[Event "Olympiad Women 2024"]
[Site "Budapest HUN"]
[Date "2024.09.13"]
[Round "3.74"]
[Board "1"]
[White "Spinola, Divania"]
[Black "Lazzarini, Giulia"]
[Result "1-0"]
[WhiteElo "1583"]
[BlackElo "1520"]
[PlyCount "29"]
[EventDate "2024.09.11"]
[WhiteTeam "Cape Verde"]
[BlackTeam "San Marino"]
[BlackTeamCountry "SMR"]

1. e4 e5 2. Nf3 Nc6 3. Nc3 d6 4. Bc4 Bg4 5. h3 Bh5 6. d3 Be7 7. O-O ({RR} 7. Nd5 Nf6 8. g4 Bg6 9. Nxf6+ Bxf6 10. h4 h6 11. h5 Bh7 12. c3 Qd7 13. g5 hxg5 14. Nxg5 Bxg5 15. Bxg5 f6 16. Be3 O-O-O 17. Qa4 Kb8 18. b4 a6 19. Bxa6 bxa6 20. Qxa6 Qc8 21. Qxc6 Qb7 {1-0 Paravyan,D (2550)-Vavulin,M (2575) Moscow blitz 71st 2017 (2)}) 7... Qd7 $146 ({RR} 7... Nf6 8. Bg5 Nd4 9. Nd5 Bxf3 10. gxf3 Nxd5 11. Bxd5 Bxg5 12. Kh1 Bf4 13. Rg1 O-O 14. c3 Qd7 15. Rg2 Qxh3+ 16. Kg1 Nxf3+ 17. Kf1 Qh1+ 18. Ke2 Qxg2 19. Qh1 Qxh1 20. Rxh1 c6 21. Bxc6 bxc6 22. Kxf3 {0-1 Fentzahn,D-Friebel,J Schleswig Holstein-ch U17 VR2 1997 (9)}) ({RR} 7... Nd4 8. g4 Bg6 9. Nxd4 exd4 10. Nd5 h5 11. Nf4 hxg4 12. Nxg6 fxg6 13. Qxg4 g5 14. Qe6 Nf6 15. Bxg5 Rf8 16. Rae1 Qd7 17. e5 Ng8 18. Qg6+ Kd8 19. exd6 Bxg5 20. Qxg5+ Nf6 21. Be6 Qxd6 22. Qxg7 {½-½ Chanysheva,S (1467)-Lukina,T (1571) RUS-ch Silent (Women) 2022 (1)}) ({RR} 7... Nf6 8. Bg5 h6 9. Bh4 Nd4 10. Re1 Nxf3+ 11. gxf3 Qd7 12. Bg3 Qxh3 13. Qe2 Bg6 14. Qf1 Qh5 15. Qg2 O-O-O 16. a4 c6 17. b4 d5 18. Bb3 Bxb4 {0-1 Schwarz,D (787)-Khani Alemouti,E (1093) Hessen-ch U12 2012 (1)}) 8. Be3 a6 9. a4 O-O-O 10. Re1 f5 11. exf5 Nh6 12. Be6 Be8 13. Bxd7+ Bxd7 14. g4 g6 15. Bxh6 1-0

[Event "Olympiad Women 2024"]
[Site "Budapest HUN"]
[Date "2024.09.13"]
[Round "3.75"]
[Board "3"]
[White "Henry, Zahidu"]
[Black "Al Nadabi, Yomna"]
[Result "0-1"]
[WhiteElo "1450"]
[BlackElo "1612"]
[PlyCount "74"]
[EventDate "2024.09.11"]
[WhiteTeam "Dominica"]
[BlackTeam "Oman"]
[BlackTeamCountry "OMN"]

1. d4 d5 2. Bf4 Nf6 3. e3 g6 4. Bd3 ({RR} 4. Nc3 Bg7 5. Nb5 Na6 6. h3 O-O 7. c3 c6 8. Na3 Nb8 9. Nf3 Nbd7 10. Bd3 a6 11. O-O c5 12. Nc2 b6 13. a4 Bb7 14. Ne5 Nxe5 15. Bxe5 Nd7 16. Bxg7 Kxg7 17. f4 e6 18. Ne1 Qe7 {1-0 Miladinovic,I (2566)-Pavlovic,G (2406) SRB-chT Valjevo 2011 (7.2)}) 4... Bg7 5. h3 ({RR} 5. Nc3 O-O 6. h4 h5 7. Nf3 c5 8. Qd2 Nc6 9. O-O-O c4 10. Be2 Qa5 11. Kb1 b5 12. Ne5 Qb6 13. g4 hxg4 14. Rdg1 b4 15. Na4 Qb5 16. Nc5 Nxe5 17. Bxe5 Ne4 18. Nxe4 Bxe5 19. Ng5 Bg7 {0-1 Wang,J (2109)-Herbrig,A (2292) Titled Tue 27th Aug Early 2024 (8)}) 5... a6 $146 ({RR} 5... c5 6. c3 Nc6 7. Nf3 O-O 8. Nbd2 b6 9. Ne5 Bb7 10. Nxc6 Bxc6 11. Be5 Nd7 12. Bxg7 Kxg7 13. f4 e6 14. O-O f6 15. Qe2 e5 16. f5 g5 17. dxc5 Nxc5 18. Rad1 Qe8 19. e4 Nxd3 20. Qxd3 {0-1 Zaitseva,L (2140)-Nutu Gajic,D Moscow (Women) 1984}) ({RR} 5... Nbd7 6. Nf3 c5 7. c3 c4 8. Bc2 b5 9. Nbd2 O-O 10. e4 dxe4 11. Nxe4 Bb7 12. Nxf6+ Nxf6 13. O-O Nd5 14. Bg3 a6 15. Re1 e6 16. Ne5 Rc8 17. Be4 Ba8 18. a3 Nf6 19. Bxa8 Rxa8 20. f4 {1-0 Muzina,M (1989)-Spilek,S (1674) Podturen Mavrin Memorial 7th 2019 (3)}) 6. Nf3 b6 7. Nbd2 Bb7 8. Ne5 O-O 9. g4 Nfd7 10. g5 c5 11. c3 Nc6 12. Ndf3 Ndxe5 13. Nxe5 Nxe5 14. Bxe5 Bxe5 15. dxe5 d4 16. Rh2 dxe3 17. fxe3 f6 18. Rf2 Qd5 19. Bc4 Qxc4 20. Qd7 Qe4 21. Qe6+ Rf7 22. Rd1 Qxe3+ 23. Re2 Qg1+ 24. Kd2 Qxg5+ 25. Kc2 Bf3 26. Rd7 Bxe2 27. Rxe7 Qf5+ 28. Kb3 Bd1+ 29. Ka3 Qxe6 30. Rxe6 b5 31. exf6 a5 32. b3 b4+ 33. Kb2 a4 34. Rd6 Bf3 35. h4 axb3 36. Kxb3 Ra3+ 37. Kb2 Rxc3 0-1

[Event "Olympiad Women 2024"]
[Site "Budapest HUN"]
[Date "2024.09.14"]
[Round "4.1"]
[Board "1"]
[White "Dronavalli, Harika"]
[Black "Daulyte-Cornette, Deimante"]
[Result "1-0"]
[WhiteElo "2502"]
[BlackElo "2369"]
[PlyCount "103"]
[EventDate "2024.09.11"]
[WhiteTeam "India"]
[BlackTeam "France"]
[WhiteTeamCountry "IND"]
[BlackTeamCountry "FRA"]

1. e4 e5 2. Nf3 Nc6 3. Bc4 Nf6 4. d3 Bc5 5. O-O d6 6. c3 a5 7. Re1 O-O 8. h3 Be6 9. Bb5 Ba7 10. Nbd2 Ne7 11. d4 Ng6 12. Bd3 c6 13. Nf1 Nh5 14. g3 ({RR} 14. Be3 Nhf4 15. Bc2 Qc8 16. Bb3 exd4 17. Nxd4 Bxd4 18. Qxd4 Bxb3 19. axb3 d5 20. Qd2 Nxh3+ 21. gxh3 Qxh3 22. f4 Nh4 23. Nh2 dxe4 24. Qf2 Rfe8 25. Qf1 Qg3+ 26. Kh1 Nf5 27. Qg2 Qxg2+ 28. Kxg2 Nxe3+ {½-½ So,W (2770)-Carlsen,M (2862) Opera Euro Rapid KO 2021 (3.23)}) 14... Qd7 $146 ({RR} 14... Nf6 15. Kg2 Qc8 16. h4 d5 17. exd5 Bxd5 18. c4 Bxf3+ 19. Qxf3 Bxd4 20. h5 e4 21. Bxe4 Ne5 22. Qf4 Qg4 23. Qxg4 Nexg4 24. Bf3 Rfe8 25. Rxe8+ Rxe8 26. Bd2 Nxf2 27. Bxa5 Bxb2 28. Rb1 Nd3 29. Bd2 {0-1 Levine,J (2376)-Koustav,C (2546) 1000GM NY Winter GMB 2024 (9.3)}) 15. h4 Bg4 16. Ne3 Rae8 17. Be2 Nf6 18. Nxg4 Nxg4 19. h5 Ne7 20. Nh4 f5 21. Bxg4 fxg4 22. Be3 exd4 23. Bxd4 Bxd4 24. Qxd4 Qe6 25. Rad1 Rd8 26. c4 Qe5 27. Qxe5 dxe5 28. Ng2 Rd4 29. Rxd4 exd4 30. c5 b6 31. Rc1 Rb8 32. Nf4 bxc5 33. Nd3 Rb5 34. Rxc5 Rxc5 35. Nxc5 Kf7 36. Kf1 Kf6 37. Ke2 Ke5 38. Kd3 Ng8 39. Nb3 c5 40. Nxa5 Nf6 41. Nc4+ Ke6 42. a4 Nd7 43. a5 Nb8 44. b4 cxb4 45. Kxd4 Na6 46. Nd2 Kd6 47. Nb3 Nb8 48. e5+ Ke6 49. Nc5+ Kf5 50. e6 b3 51. Kc3 Nc6 52. a6 1-0

[Event "Olympiad Women 2024"]
[Site "Budapest HUN"]
[Date "2024.09.14"]
[Round "4.1"]
[Board "2"]
[White "Milliet, Sophie"]
[Black "Vaishali, Rameshbabu"]
[Result "1/2-1/2"]
[WhiteElo "2348"]
[BlackElo "2498"]
[PlyCount "51"]
[EventDate "2024.09.11"]
[WhiteTeam "France"]
[BlackTeam "India"]
[WhiteTeamCountry "FRA"]
[BlackTeamCountry "IND"]

1. Nf3 d5 2. g3 Nc6 3. d4 Bf5 4. Bg2 e6 5. O-O Nb4 6. Na3 Be7 7. Ne5 Nf6 8. c3 Nc6 9. Qa4 O-O 10. Nxc6 bxc6 11. Qxc6 Rb8 12. c4 ({RR} 12. Qa4 h5 13. Nc2 h4 14. Nb4 h3 15. Bf3 Ne4 16. Bxe4 Bxe4 17. Nc6 Qd7 18. b3 Bd6 19. Nxb8 Qxa4 20. bxa4 Rxb8 21. f3 Bf5 22. Bf4 Rb2 23. Bxd6 cxd6 24. Rf2 Rb6 25. Rc1 g5 26. g4 Bg6 {1-0 Grischuk,A (2745)-Duda,J (2731) chess.com SpeedChess Q2KO 2022 (1.6)}) 12... Qc8 13. Qa4 ({RR} 13. cxd5 exd5 14. Nb1 Re8 15. a3 Bd6 16. Bg5 Ne4 17. Bc1 h5 18. Qxd5 h4 19. Bf3 c6 20. Qc4 Bh3 21. Rd1 hxg3 22. hxg3 Qf5 23. Qd3 Bg4 24. Nc3 Nxc3 25. bxc3 Qxd3 26. Rxd3 Bxf3 27. Rxf3 Rxe2 {1-0 Meier,G (2616)-Krysa,L (2541) 7th Marcel Duchamp Cup 2024 (5.1)}) 13... c5 $146 ({RR} 13... Rb4 14. Qd1 c5 15. b3 cxd4 16. Bb2 e5 17. cxd5 Bh3 18. Nc4 Rd8 19. d6 Bf8 20. Nxe5 Bxg2 21. Kxg2 Rb5 22. Nf3 Rh5 23. h4 Rxd6 24. Rc1 Qd7 25. Qd3 Nd5 26. Qxd4 Rg6 27. Rc4 Bd6 28. Rd1 {1-0 Kaidanov,G (2549)-Donchenko,A (2636) 3rd elllobregat Open 2022 (9.10)}) ({RR} 13... h5 14. cxd5 exd5 15. Bf4 Rxb2 16. Rfc1 Qe6 17. Bf3 Be4 18. Nc2 c5 19. Ne3 Rb4 20. Qxa7 cxd4 21. a3 dxe3 22. axb4 Qh3 23. Qxe7 Ng4 24. Qh4 exf2+ 25. Kh1 Bxf3+ 26. exf3 {1-0 Daneshvar,B (2500)-Moiseenko,A (2577) World Rapid 2022 (7.37)}) 14. Nb5 Qc6 15. dxc5 Bxc5 16. Nc3 Qxa4 17. Nxa4 Bd4 18. e3 Be5 19. f4 Bc7 20. cxd5 exd5 21. Nc3 Rfd8 22. Rd1 Bg4 23. Rd3 Bf5 24. Rd1 Bg4 25. Rd3 Bf5 26. Rd1 1/2-1/2

[Event "Olympiad Women 2024"]
[Site "Budapest HUN"]
[Date "2024.09.14"]
[Round "4.1"]
[Board "3"]
[White "Divya, Deshmukh"]
[Black "Hejazipour, Mitra"]
[Result "1-0"]
[WhiteElo "2483"]
[BlackElo "2327"]
[PlyCount "111"]
[EventDate "2024.09.11"]
[WhiteTeam "India"]
[BlackTeam "France"]
[WhiteTeamCountry "IND"]
[BlackTeamCountry "FRA"]

1. e4 c5 2. Nf3 d6 3. d4 Nf6 4. Nc3 cxd4 5. Nxd4 a6 6. Be2 e5 7. Nb3 Be7 8. Be3 Be6 9. f4 Qc7 10. f5 Bd7 $146 ({RR} 10... Bc4 11. g4 h6 12. h3 Nbd7 13. Bxc4 Qxc4 14. Qd3 Rc8 15. O-O-O Qc7 16. Kb1 b5 ({RR} 16... Nb6 17. g5 hxg5 18. Bxg5 Nh5 19. Bxe7 Kxe7 20. Rdg1 Rh7 21. Rh2 Rch8 22. Ne2 Nf6 23. Nd2) 17. a3 Nb6 18. g5 hxg5 19. Bxg5 Nh5 20. Bxe7 Kxe7 21. Rdg1 Rh7 22. Rh2 Rch8 23. Ne2 Nf6 24. Nd2 Nc4 25. Nf1 {1-0 Jones,K-Verber,R US Open-67 Seattle 1966 (3)}) ({RR} 10... Bc4 11. Bxc4 Qxc4 12. Qd3 Qxd3 13. cxd3 Nc6 14. Ke2 d5 15. Bc5 d4 16. Na4 Nd7 17. Bxe7 Kxe7 18. Rac1 Rhc8 19. Nbc5 Nxc5 20. Rxc5 Nb4 21. a3 Rxc5 22. Nxc5 Nc6 23. Re1 Rb8 24. g4 Na7 25. Kd2 {1-0 Smagin,S (2520)-Rashkovsky,N (2540) Paris-ch op 1990}) ({RR} 10... Bc4 11. Bg5 Nbd7 12. Nd2 Bxe2 13. Qxe2 Nb6 14. a4 Nbd7 15. Nc4 Qc5 16. Ne3 h6 17. Bxf6 Nxf6 18. O-O O-O 19. Kh1 Rac8 20. Ned5 Bd8 21. Nxf6+ Bxf6 22. Rad1 Bg5 23. Rd3 b5 24. axb5 axb5 25. Rd5 {1-0 Palao,A (1956)-Baio,L (1708) Maia Chess Open 2024 (7.22)}) ({RR} 10... Bc4 11. Bf3 Nc6 12. Nd2 d5 13. exd5 Nd4 14. Nxc4 Qxc4 15. Be2 Nxe2 16. Qxe2 Qxe2+ 17. Kxe2 Bb4 18. Rhd1 Bxc3 19. bxc3 Rc8 20. Rab1 Ne4 21. Bd2 b5 22. a4 Rc5 23. axb5 axb5 24. c4 Rxc4 25. Rxb5 {½-½ Borkowski,F (2395)-Pokojowczyk,J (2365) POL-ch36 Tarnow 1979 (6)}) 11. O-O O-O 12. a4 Nc6 13. Nd5 Nxd5 14. exd5 Na5 15. Nd2 b5 16. b3 Rfc8 17. Bd3 f6 18. Qh5 Be8 19. Qh4 Bf7 20. Rf3 Kh8 21. Rh3 Bg8 22. Nf3 Nxb3 23. cxb3 Qc3 24. Rd1 Qxb3 25. Qe1 Bxd5 26. Nh4 Kg8 27. Rg3 Qxa4 28. Be2 Bf7 29. Rg4 Qc2 30. Bh6 Bf8 31. Qg3 Qxe2 32. Re1 Qa2 33. Bxg7 Bxg7 34. Rxg7+ Kh8 35. Rg4 Qb3 36. Nf3 Rg8 37. Rxg8+ Rxg8 38. Qh4 Kg7 39. Nd2 Qc2 40. Ne4 Kf8 41. g3 d5 42. Nxf6 Qc5+ 43. Kg2 Qc2+ 44. Kg1 Qc5+ 45. Kh1 Qf2 46. Nd7+ Ke8 47. Nf6+ Kf8 48. Nxh7+ Kg7 49. Qf6+ Kxh7 50. Qxf7+ Rg7 51. Qh5+ Kg8 52. Qe8+ Kh7 53. Qh5+ Kg8 54. Rc1 Rc7 55. Qe8+ Kg7 56. Rxc7+ 1-0

[Event "Olympiad Women 2024"]
[Site "Budapest HUN"]
[Date "2024.09.14"]
[Round "4.1"]
[Board "4"]
[White "Benmesbah, Natacha"]
[Black "Tania, Sachdev"]
[Result "0-1"]
[WhiteElo "2258"]
[BlackElo "2386"]
[PlyCount "100"]
[EventDate "2024.09.11"]
[WhiteTeam "France"]
[BlackTeam "India"]
[WhiteTeamCountry "FRA"]
[BlackTeamCountry "IND"]

1. e4 c5 2. Nf3 e6 3. Nc3 a6 4. d4 cxd4 5. Nxd4 Qc7 6. Be3 Nf6 7. a3 b5 8. Qd2 Bb7 9. f3 b4 ({RR} 9... Nc6 10. Nb3 Ne5 11. Qf2 d5 12. Bb6 Qc8 13. Bd4 Bd6 14. f4 Neg4 15. Qd2 e5 16. fxe5 Nxe5 17. exd5 O-O 18. O-O-O Qc7 19. Kb1 Rac8 20. Bd3 Rfe8 21. Rhf1 Nxd5 22. Bf5 Rcd8 23. Qg5 h6 24. Qg3 {½-½ Miesbauer,J (2393)-Movsesian,S (2606) TCh-CZE Extraliga 2023-24 (10.4)}) 10. axb4 Bxb4 11. Ra4 $146 ({RR} 11. Bd3 d5 12. exd5 Nxd5 13. Nde2 Nxe3 14. Qxe3 O-O 15. O-O-O Nc6 16. f4 Ne7 17. Qh3 g6 18. Ne4 Bxe4 19. Bxe4 Rab8 20. Qf3 Qa5 21. c3 Qa1+ 22. Kc2 Qa4+ 23. Kb1 Ba3 24. Rd2 Bxb2 25. Rxb2 Rxb2+ {0-1 Kireeva,L (2061)-Krylov,S (2297) W-ch Disabled 2013 (2)}) ({RR} 11. Kf2 O-O 12. g4 Bxe4 13. Bd3 Bb7 14. h4 Nc6 15. Nxc6 Qxc6 16. Qe2 Nxg4+ 17. Kg3 Nxe3 18. Qxe3 f5 19. Qe2 d5 20. f4 d4 21. Na2 Ba5 22. Rhg1 Rae8 23. Kh3 Qd6 24. Rg3 Qxf4 25. Rag1 Rf7 {0-1 Camara,H-Ary,C BRA-ch27 Fortaleza 1960 (9)}) 11... Be7 12. Bd3 O-O 13. O-O d5 14. exd5 Nxd5 15. Nxd5 Bxd5 16. c4 Bb7 17. Qa5 Qxa5 18. Rxa5 Nd7 19. Nc2 Rfc8 20. Be2 Bd8 21. Ra3 Ne5 22. b3 a5 23. Rfa1 Nc6 24. Kf2 Bf6 25. Rd1 Rd8 26. Rxd8+ Rxd8 27. Ra2 Bc3 28. f4 Rb8 29. Bf3 Ba8 30. Bxc6 Bxc6 31. Nd4 Be4 32. Nb5 Bb4 33. Bd4 f6 34. Ke3 Bc6 35. Na7 Bd7 36. c5 e5 37. fxe5 fxe5 38. Bxe5 Bxc5+ 39. Kd2 Re8 40. Bc3 Bxa7 41. Rxa5 Be3+ 42. Kd3 Bb6 43. Rd5 Bc6 44. Rd6 Be4+ 45. Kd2 Bc7 46. Rd7 Bf4+ 47. Kd1 Be5 48. Bxe5 Rxe5 49. g3 Rd5+ 50. Rxd5 Bxd5 0-1

[Event "Olympiad Women 2024"]
[Site "Budapest HUN"]
[Date "2024.09.14"]
[Round "4.2"]
[Board "1"]
[White "De Blecourt, Sandra"]
[Black "Gaal, Zsoka"]
[Result "0-1"]
[WhiteElo "2065"]
[BlackElo "2385"]
[PlyCount "74"]
[EventDate "2024.09.11"]
[WhiteTeam "Denmark"]
[BlackTeam "Hungary"]
[WhiteTeamCountry "DEN"]
[BlackTeamCountry "HUN"]

1. d4 Nf6 2. c4 e6 3. Nc3 Bb4 4. Nf3 Bxc3+ 5. bxc3 d6 6. Bg5 h6 7. Bh4 Nbd7 8. Nd2 b6 9. e3 Bb7 10. f3 Qe7 11. Be2 ({RR} 11. Qa4 e5 12. Bf2 O-O 13. Be2 Nh7 14. Bd3 f5 15. Qc2 Qf7 16. e4 fxe4 17. Nxe4 Nhf6 18. Ng3 exd4 19. cxd4 Rfe8+ 20. Ne2 Nf8 21. O-O Nh5 22. a4 Re7 23. Bh4 Re3 24. d5 Ree8 25. a5 Bc8 {1-0 Wang,Y (2736)-Tomashevsky,E (2689) CHN-RUS Summit Men 6th Rapid 2009 (2)}) ({RR} 11. a4 e5 12. e4 g5 13. Bf2 a5 14. Bd3 Nh5 15. Nf1 f5 16. Ne3 f4 17. Nd5 Qd8 18. g4 Ng7 19. h4 Kf7 20. hxg5 hxg5 21. Rxh8 Qxh8 22. Nxc7 Rc8 23. Nb5 Ne8 24. Ke2 Bc6 25. Qh1 Qg7 {0-1 Bernadskiy,V (2629)-Kovalenko,I (2645) EU-ch Online 2300+ Qual 2020 (7)}) 11... e5 12. O-O O-O 13. Qc2 $146 ({RR} 13. e4 Qe6 14. c5 dxc5 15. dxe5 Nxe5 16. f4 Neg4 17. f5 Qe5 18. Bxg4 Qxc3 19. Rc1 Qe3+ 20. Bf2 Qg5 21. Bf3 Rad8 22. Rc2 Bxe4 23. Bxe4 Nxe4 24. Nxe4 Rxd1 25. Nxg5 Rxf1+ 26. Kxf1 hxg5 27. Rd2 Re8 {½-½ Becker,M (2332)-Vink,N (2310) NED-chT 0203 playoff 2003 (2.8)}) 13... Rfe8 14. Rae1 Nf8 15. Bd3 g5 16. Bg3 Kg7 17. c5 Nh5 18. cxd6 cxd6 19. f4 Nxg3 20. hxg3 e4 21. Bb5 Rec8 22. fxg5 hxg5 23. Rf5 d5 24. Ref1 Nh7 25. Qb3 Rc7 26. Be2 Rd8 27. c4 f6 28. cxd5 Bc8 29. Bg4 Nf8 30. Qd1 Bxf5 31. Bxf5 Rxd5 32. Bxe4 Ra5 33. a4 f5 34. Bxf5 Qxe3+ 35. Kh2 Rxf5 36. Rxf5 Kg6 37. Rxf8 Rh7+ 0-1

[Event "Olympiad Women 2024"]
[Site "Budapest HUN"]
[Date "2024.09.14"]
[Round "4.2"]
[Board "2"]
[White "Hoang, Thanh Trang"]
[Black "Kakulidis, Ellen"]
[Result "1-0"]
[WhiteElo "2351"]
[BlackElo "2048"]
[PlyCount "73"]
[EventDate "2024.09.11"]
[WhiteTeam "Hungary"]
[BlackTeam "Denmark"]
[WhiteTeamCountry "HUN"]
[BlackTeamCountry "DEN"]

1. d4 d5 2. c4 c6 3. Nf3 Nf6 4. Qc2 dxc4 5. Qxc4 Bf5 6. g3 e6 7. Bg2 Be7 8. O-O O-O 9. e3 Nbd7 10. Rd1 a5 ({RR} 10... Rc8 11. Nc3 b5 12. Qe2 b4 13. Na4 Qa5 14. b3 Qb5 15. Qf1 Qxf1+ 16. Kxf1 c5 17. dxc5 Nxc5 18. Nxc5 Rxc5 19. Nd4 Be4 20. Bd2 a5 21. a3 bxa3 22. Rxa3 e5 23. Bxe4 exd4 24. Bd3 dxe3 25. Bxe3 {½-½ Abdusattorov,N (2634)-Giri,A (2776) FIDE World Cup 2021 (3.1)}) ({RR} 10... Qc7 11. Nc3 Rac8 12. Qe2 Ne4 13. Nh4 Nxc3 14. bxc3 Bxh4 15. gxh4 Nf6 16. e4 Bg4 17. f3 Bh5 18. Bg5 e5 19. Qe3 Nd7 20. Qf2 f6 21. Be3 Rcd8 22. Qg3 f5 23. dxe5 Qxe5 24. Qxe5 Nxe5 25. Rxd8 {1-0 Finek,V (2416)-Kukreja,S (2158) Titled Tue 2nd Jan Early 2024 (1)}) ({RR} 10... Qc7 11. Nc3 e5 12. h3 Bg6 13. dxe5 Nxe5 14. Nxe5 Qxe5 15. Qb3 Qc7 16. e4 Bc5 17. Bf4 Qb6 18. Qc2 Be7 19. Be3 Qa5 20. f4 h6 21. Qf2 Bb4 22. Bd4 Ne8 23. a3 Be7 24. f5 Bh7 25. e5 {1-0 Hoang,T (2376)-Brunello,M (2341) Olympiad Women-44 2022 (10.1)}) 11. Nc3 $146 ({RR} 11. Qe2 a4 12. Ne1 Qa5 13. e4 Bg6 14. Bd2 Bb4 15. f3 e5 16. Bxb4 Qxb4 17. Qd2 Qe7 18. Na3 Rfd8 19. Qc3 Ne8 20. dxe5 Nxe5 21. f4 Nd7 22. e5 f6 23. Nf3 fxe5 24. Nxe5 Nxe5 25. Qxe5 Qxe5 {½-½ Fishbein,M (2120)-Blomqvist,E (2521) Norway Chess Open Masters 2023 (10.11)}) ({RR} 11. Qe2 a4 12. a3 Qa5 13. Nc3 Ne4 14. Bd2 Nxd2 15. Nxd2 Bc2 16. Rdc1 Bg6 17. Nc4 Qa6 18. e4 Nb6 19. Ne5 Rfd8 20. Rd1 Bf6 21. Nxg6 hxg6 22. e5 Qxe2 23. Nxe2 Be7 24. Rac1 Ra5 25. Nc3 Nc4 {½-½ Sriniaiyer,S (2038)-Shundi,M (1806) Charlotte Carolinas op 2021 (5)}) 11... a4 12. Ne1 a3 13. bxa3 Bxa3 14. e4 Bxc1 15. Rdxc1 Bg6 16. Rab1 Ra7 17. Rb3 Qa8 18. a4 h6 19. Nd3 Re8 20. f4 Ra5 21. Nf2 Qa7 22. Rcb1 Rb8 23. g4 c5 24. f5 exf5 25. exf5 cxd4 26. fxg6 dxc3 27. Rxb7 Rxb7 28. Qc8+ Nf8 29. Rxb7 Qc5 30. Rc7 Qb4 31. gxf7+ Kh7 32. Bf1 Rxa4 33. Rc4 Qb3 34. Rxa4 Qxa4 35. Qxf8 Qc6 36. Bd3+ g6 37. Qe7 1-0

[Event "Olympiad Women 2024"]
[Site "Budapest HUN"]
[Date "2024.09.14"]
[Round "4.2"]
[Board "3"]
[White "Guindy, Esmat Susanne"]
[Black "Papp, Petra"]
[Result "1/2-1/2"]
[WhiteElo "2015"]
[BlackElo "2259"]
[PlyCount "73"]
[EventDate "2024.09.11"]
[WhiteTeam "Denmark"]
[BlackTeam "Hungary"]
[WhiteTeamCountry "DEN"]
[BlackTeamCountry "HUN"]

1. Nf3 c5 2. c4 Nc6 3. Nc3 g6 4. g3 Bg7 5. Bg2 d6 6. O-O e6 7. e3 Nge7 8. d4 O-O 9. dxc5 dxc5 10. Na4 ({RR} 10. Qe2 a6 11. Bd2 b6 12. Rfd1 Qc7 13. h4 Bb7 14. h5 Ne5 15. Nxe5 Bxe5 16. e4 Nc6 17. Bh6 Rfd8 18. Qg4 Nd4 19. Bg5 Rd7 20. hxg6 hxg6 21. Qh4 Bg7 22. Bf6 Bxf6 23. Qxf6 Rad8 24. Rf1 Qd6 {1-0 Lagarde,M (2657)-Abasov,N (2632) Chess24 Banter Blitz Cup 2019 (2.7)}) ({RR} 10. Qe2 a6 11. Rd1 Qc7 12. h4 h6 13. Bd2 b6 14. Na4 Bb7 15. Bc3 e5 16. Be1 e4 17. Nh2 f5 18. Bc3 Bxc3 19. Nxc3 Ne5 20. h5 g5 21. g4 Rae8 22. Rd2 Qc8 23. gxf5 Qxf5 24. Nd5 Nxd5 {0-1 Stribuk,A (2403)-Radjabov,T (2723) Titled Tue 13th Feb Early 2024 (4)}) 10... b6 11. Bd2 Bb7 12. Bc3 Qc7 $146 ({RR} 12... Qxd1 13. Rfxd1 Rfd8 {½-½ Varga,Z-Orso,M (2360) Noviki-D Budapest 1987}) 13. Bxg7 Kxg7 14. Qe2 Rad8 15. Rfd1 f6 16. Nc3 Ba6 17. b3 Nf5 18. Rxd8 Rxd8 19. Rd1 h6 20. h4 Rxd1+ 21. Qxd1 Qd6 22. Qxd6 Nxd6 23. Nd2 Ne5 24. Nde4 Nef7 25. Nxd6 Nxd6 26. Bc6 Nf7 27. Kf1 Kf8 28. Ke2 Ke7 29. f4 Nd8 30. Be4 f5 31. Bf3 h5 32. e4 Bb7 33. e5 Bc8 34. Nb5 a6 35. Nd6 Bd7 36. a3 Nf7 37. Nxf7 1/2-1/2

[Event "Olympiad Women 2024"]
[Site "Budapest HUN"]
[Date "2024.09.14"]
[Round "4.2"]
[Board "4"]
[White "Lazarne Vajda, Szidonia"]
[Black "Durrfeld, Sofie Bech"]
[Result "1-0"]
[WhiteElo "2283"]
[BlackElo "1937"]
[PlyCount "97"]
[EventDate "2024.09.11"]
[WhiteTeam "Hungary"]
[BlackTeam "Denmark"]
[WhiteTeamCountry "HUN"]
[BlackTeamCountry "DEN"]

1. d4 Nf6 2. Nc3 c5 3. d5 g6 4. e4 d6 5. Nf3 Bg7 6. Bc4 Bg4 7. h3 Bxf3 8. Qxf3 Nbd7 9. Be2 a6 10. a4 O-O 11. O-O Ne5 $146 ({RR} 11... Re8 12. Bg5 Qc7 13. Qe3 c4 14. Kh1 e6 15. dxe6 Rxe6 16. Rad1 Rb8 17. Rd4 b5 18. axb5 axb5 19. Rfd1 Nc5 20. b4 Nfxe4 21. Nxe4 Bxd4 22. Rxd4 Nxe4 23. Rxe4 Rbe8 24. Bf6 Qc6 25. Rxe6 Rxe6 26. Qf4 {1-0 Fiorito,J (2054)-Vercillo,F (1911) Buenos Aires Torre Blanca op 2022 (7)}) ({RR} 11... Rb8 12. a5 Ne8 13. h4 Nc7 14. h5 b5 15. axb6 Rxb6 16. Nd1 e6 17. h6 Bh8 18. Ne3 exd5 19. exd5 f5 20. c3 Ne5 21. Qh3 Re8 22. Nc4 Nxc4 23. Bxc4 Bf6 24. Qg3 Be5 25. Qd3 Qh4 26. g3 {1-0 Sjugirov,S (2712)-Fedorov,A (2475) World Blitz 2022 (10.64)}) 12. Qg3 Qa5 13. f4 Ned7 14. Ra3 Qb4 15. Qf3 c4 16. a5 b5 17. axb6 Qxb6+ 18. Kh1 Rfc8 19. Ra4 a5 20. Rxc4 Rxc4 21. Bxc4 Qd4 22. Bd3 a4 23. Nb5 Qb4 24. c3 Qa5 25. Be3 Rb8 26. c4 Ne8 27. Qf2 Qb4 28. Rb1 Nef6 29. Qc2 Nc5 30. Bxc5 Qxc5 31. Qd2 h5 32. e5 dxe5 33. fxe5 Nd7 34. e6 Ne5 35. exf7+ Kxf7 36. Ra1 Kg8 37. Rxa4 Nxd3 38. Qxd3 Rxb5 39. cxb5 Qc1+ 40. Kh2 Be5+ 41. g3 Qxb2+ 42. Kg1 Qc1+ 43. Kg2 Kg7 44. Re4 Bd6 45. Re6 Qg5 46. h4 Qg4 47. b6 Kh6 48. b7 Bb8 49. Qe3+ 1-0

[Event "Olympiad Women 2024"]
[Site "Budapest HUN"]
[Date "2024.09.14"]
[Round "4.3"]
[Board "1"]
[White "Yao, Lan"]
[Black "Zhu, Jiner"]
[Result "0-1"]
[WhiteElo "2353"]
[BlackElo "2487"]
[PlyCount "102"]
[EventDate "2024.09.11"]
[WhiteTeam "England"]
[BlackTeam "China"]
[WhiteTeamCountry "ENG"]
[BlackTeamCountry "CHN"]

1. e4 c5 2. Nf3 Nc6 3. d4 cxd4 4. Nxd4 e5 5. Nb5 d6 6. c4 Nf6 7. N1c3 a6 8. Na3 Be6 ({RR} 8... g6 9. Be2 Bg7 10. O-O O-O 11. Bg5 h6 12. Be3 Be6 13. Qd2 Nd4 14. f3 Rc8 15. Rf2 Kh7 16. Bf1 Nd7 17. Rd1 Nb8 18. Nc2 Nbc6 19. Nd5 Nxc2 20. Qxc2 Nd4 21. Bxd4 exd4 22. Bd3 b5 23. Qe2 {1-0 Mastrovasilis,D (2615)-Maghsoodloo,P (2695) Online Olym Div Top-A rapid 2021 (7.5)}) 9. Be2 Nd4 ({RR} 9... g6 10. O-O Bg7 11. Be3 O-O 12. Rc1 Nd7 13. Qxd6 Nd4 14. Bxd4 exd4 15. Nd5 Re8 16. Bf3 Be5 17. Qb4 Qg5 18. g3 a5 19. Qxb7 Nc5 20. Qc6 Rf8 21. Qxc5 Kg7 22. h4 Qd2 23. Nc7 Bxc7 24. Qxc7 {1-0 Savitha,S (2348)-Gunina,V (2425) Swiss Queens Wed #33 2024 (11.17)}) 10. Be3 $146 ({RR} 10. Nc2 Nxe2 11. Qxe2 Rc8 12. Ne3 Qc7 13. Ncd5 Qc5 14. f3 Nxd5 15. cxd5 Bd7 16. a4 Bxa4 17. Bd2 Bb5 18. Qd1 Qd4 19. Rc1 Rc5 20. b4 Rxc1 21. Qxc1 Kd7 22. Qc3 Qxc3 23. Bxc3 Be7 24. Nf5 Rc8 {0-1 Kapnisis,S-Bunzmann,D EU-ch U14 Herculane 1994 (8)}) ({RR} 10. O-O Rc8 11. Bd3 Be7 12. Be3 Nc6 13. f3 O-O 14. Qd2 Nb4 15. Be2 h6 16. Na4 Nc6 17. Nb6 Rb8 18. Rfd1 Re8 19. Nd5 Bf8 20. Bb6 Qd7 21. Rac1 Rbc8 22. Be3 Bxd5 23. cxd5 Nb8 24. Nc4 Qe7 {1-0 Rubil,M (2227)-Santa,R (2174) CRO Cup Mali Losinj 2018 (4.52)}) 10... Nxe2 11. Qxe2 Rc8 12. f3 Be7 13. O-O O-O 14. Nd5 Nxd5 15. cxd5 Bd7 16. Rfc1 b5 17. Rxc8 Qxc8 18. Rc1 Qb7 19. Qd2 f5 20. Nc2 Bd8 21. Nb4 fxe4 22. fxe4 Ba5 23. a3 Be8 24. Qd3 Bb6 25. Re1 a5 26. Na2 Bg6 27. Nc3 b4 28. axb4 axb4 29. Ne2 Qa7 30. Ng3 h5 31. Nf1 Rf4 32. Nd2 Bxe3+ 33. Qxe3 Qa2 34. g3 Rf8 35. b3 Qc2 36. Nc4 Ra8 37. Re2 Ra1+ 38. Kg2 Qd1 39. Kh3 Be8 40. Nxd6 Qf1+ 41. Rg2 Bd7+ 42. Nf5 Ra2 43. Qg1 Bxf5+ 44. exf5 Qxf5+ 45. g4 Qf3+ 46. Rg3 hxg4+ 47. Kh4 Qf4 48. d6 Rxh2+ 49. Qxh2 Qh6+ 50. Kxg4 Qxh2 51. Rf3 Qd2 0-1